| 000 | 00754 a2200229 4500 | ||
|---|---|---|---|
| 001 | 54268 | ||
| 005 | 20260407155813.0 | ||
| 008 | 260407a1972 arg spa d | ||
| 003 | AR-UNSa-BCEJYS | ||
| 040 |
_aAR-UNSa-BCEJYS _bspa _cAR-UNSa-BCEJYS |
||
| 080 |
_a336.74 _xMoneda. Sistema monetario |
||
| 245 | 1 | 0 |
_aLa demanda de Dinero _pteorías y evidencia |
| 264 | 1 |
_aBarcelona : _bAntoni Bosch _c1972 |
|
| 300 |
_a159 p. _c22 cm. |
||
| 505 | _a1. La demanda del dinero en la teoría macroeconómica – 2. Teorías de la demanda de dinero – 3. La evidencia empírica. | ||
| 041 | _aspa | ||
| 942 | _cBK | ||
| 590 | _aniveau_biblio:m niveau_hierar:0 | ||
| 100 | 1 | _aLaidler, David E.W. | |
| 700 | 1 | _aBlanchar, Elena | |
| 700 | 1 | _aFina Sanglás, Lluis | |
| 999 |
_c5438 _d5438 |
||